The Energy Performance of Buildings (Certificates of Inspections) (England and Wales) (Amendment No. 2) Regulations 2008 (Record no. 108706)
[ view plain ]
| 000 -LEADER | |
|---|---|
| fixed length control field | 02106cad a22003015a 4500 |
| 001 - CONTROL NUMBER | |
| control field | L145177 |
| 008 - FIXED-LENGTH DATA ELEMENTS--GENERAL INFORMATION | |
| fixed length control field | 080915e20080909xxk f lf000 0 eng d |
| 035 ## - SYSTEM CONTROL NUMBER | |
| System control number | (Sirsi) u145177 |
| 041 0# - LANGUAGE CODE | |
| Language code of text/sound track or separate title | eng |
| 050 04 - LIBRARY OF CONGRESS CALL NUMBER | |
| Classification number | 333.33 $2 18 |
| 110 2# - MAIN ENTRY--CORPORATE NAME | |
| Corporate name or jurisdiction name as entry element | United Kingdom |
| Form subheading | Laws, etc. |
| 9 (RLIN) | 5044 |
| 245 04 - TITLE STATEMENT | |
| Title | The Energy Performance of Buildings (Certificates of Inspections) (England and Wales) (Amendment No. 2) Regulations 2008 |
| Medium | [electronic resource] |
| 260 ## - PUBLICATION, DISTRIBUTION, ETC. | |
| Place of publication, distribution, etc. | London |
| Name of publisher, distributor, etc. | OPSI |
| Date of publication, distribution, etc. | 2008 |
| 490 #0 - SERIES STATEMENT | |
| Series statement | SI |
| Volume/sequential designation | 2008: 363 |
| 505 2# - FORMATTED CONTENTS NOTE | |
| Formatted contents note | Citation, extent and commencement -- Disclosures whether an energy performance certificate for a building other than a dwelling has been entered on the register -- Disclosures to energy assessors in relation to dwellings -- Disclosures to the Energy Saving Trust Limited -- Disclosures to approved inspectors -- Amendments to the Building Regulations 2000 -- Amendments to the Building (Approved Inspectors etc.) Regulations 2000 -- Consequential amendment to the Home Information Pack (No. 2) Regulations 2007 |
| 520 ## - SUMMARY, ETC. | |
| Summary, etc. | Instrument makes a series of changes to the obligations that implement the Energy Performance of Buildings Directive; specifically relating to the age of energy performance certificates (EPCs) and home information packs (HIPs) and the registers of EPCs and disclosure of information by these registers. Comes into force 1 October 2008. |
| 521 ## - TARGET AUDIENCE NOTE | |
| Target audience note | Advanced |
| 590 ## - LOCAL NOTE (RLIN) | |
| Local note | KA NTK |
| 650 24 - SUBJECT ADDED ENTRY--TOPICAL TERM | |
| Topical term or geographic name entry element | THE ENERGY PERFORMANCE OF BUILDINGS (CERTIFICATES OF INSPECTIONS) (ENGLAND AND WALES) (AMENDMENT NO. 2) REGULATIONS 2008 |
| 650 24 - SUBJECT ADDED ENTRY--TOPICAL TERM | |
| Topical term or geographic name entry element | AMENDMENTS TO THE BUILDING (APPROVED INSPECTORS ETC.) REGULATIONS 2000 |
| 650 24 - SUBJECT ADDED ENTRY--TOPICAL TERM | |
| Topical term or geographic name entry element | BUILDING REGULATIONS 2000 |
| 650 24 - SUBJECT ADDED ENTRY--TOPICAL TERM | |
| Topical term or geographic name entry element | CONSEQUENTIAL AMENDMENT TO THE HOME INFORMATION PACK (NO. 2) REGULATIONS 2007 |
| 650 24 - SUBJECT ADDED ENTRY--TOPICAL TERM | |
| Topical term or geographic name entry element | RESIDENTIAL ENERGY PERFORMANCE CERTIFICATES |
| 651 #4 - SUBJECT ADDED ENTRY--GEOGRAPHIC NAME | |
| Geographic name | England and Wales |
| Chronological subdivision | 1543- |
| 690 ## - LOCAL SUBJECT ADDED ENTRY--TOPICAL TERM (OCLC, RLIN) | |
| Topical term or geographic name as entry element | ENVIRONMENTAL AND LAND CONSULTANCY-ENERGY-ENERGY USE-ENERGY EFFICIENCY |
| 856 40 - ELECTRONIC LOCATION AND ACCESS | |
| Uniform Resource Identifier | <a href="https://www.opsi.gov.uk/si/si2008/uksi_20082363_en_1">https://www.opsi.gov.uk/si/si2008/uksi_20082363_en_1</a> |
| Public note | View the item free of charge online at www.opsi.gov.uk... |
| 942 ## - ADDED ENTRY ELEMENTS (KOHA) | |
| Suppress in OPAC | 0 |
| Withdrawn status | Lost status | Source of classification or shelving scheme | Damaged status | Not for loan | Home library | Current library | Shelving location | Date acquired | Total Checkouts | Full call number | Barcode | Date last seen | Copy number | Price effective from | Koha item type |
|---|---|---|---|---|---|---|---|---|---|---|---|---|---|---|---|
| Dewey Decimal Classification | Virtual | Virtual | Online | 15/09/2008 | ONLINE PUBLICATION | 145177-1001 | 06/08/2019 | 1 | 06/08/2019 | Book |